header

A comparative analysis of disability laws (Record no. 171849)

MARC details
000 -LEADER
fixed length control field 01465nam a2200361Ia 4500
082 04 - DEWEY DECIMAL CLASSIFICATION NUMBER
Classification number 342.7308/7
100 1# - MAIN ENTRY--AUTHOR NAME
Personal name Vaughn, John R.
245 12 - TITLE STATEMENT
Title A comparative analysis of disability laws
260 ## - PUBLICATION, DISTRIBUTION, ETC. (IMPRINT)
Place of publication New York :
Name of publisher Nova Science Publishers,
Year of publication c2010.
300 ## - PHYSICAL DESCRIPTION
Number of Pages ix, 123 p.
490 1# - SERIES STATEMENT
Series statement Laws and legislation series
650 #0 - SUBJECT ADDED ENTRY--TOPICAL TERM
Topical Term People with disabilities
Topical Term International and municipal law
856 40 - ELECTRONIC LOCATION AND ACCESS
Uniform Resource Identifier http://site.ebrary.com/lib/rucke/Doc?id=10662873

No items available.

© 2026 Rongo University
Contact us: librarian | system librarian | Rongo university